Five Biggest Non-Capital Cities by Continent - Statistics

General Stats
  • This quiz has been taken 7,493 times
    7,459 since last reset
  • The average score is 21 of 30
Answer Stats
Continent Population City % Correct
North America 17.8 mil Los Angeles
97%
North America 22.4 mil New York City
94%
Oceania 5.20 mil Sydney
92%
South America 13.1 mil Rio de Janeiro
90%
Oceania 4.85 mil Melbourne
87%
South America 22.2 mil Sao Paulo
87%
Asia 35.9 mil Shanghai
87%
Europe 4.73 mil Barcelona
85%
Europe 5.60 mil Saint Petersburg
85%
North America 9.75 mil Chicago
84%
Africa 18.8 mil Lagos
84%
Oceania 2.05 mil Perth
81%
Oceania 1.49 mil Auckland
80%
Europe 5.20 mil Milan
78%
Asia 24.7 mil Mumbai
77%
Asia 45.6 mil Guangzhou
76%
Europe 10.3 mil Istanbul
75%
Oceania 3.08 mil Brisbane
73%
Africa 13.7 mil Johannesburg
72%
Africa 5.70 mil Alexandria
71%
Asia 17.7 mil Osaka
65%
North America 7.85 mil San Francisco
59%
South America 3.95 mil Medellin
52%
Africa 6.15 mil Dar es Salaam
49%
South America 4.98 mil Belo Horizonte
48%
North America 7.65 mil Boston
48%
Asia 17.3 mil Karachi
46%
Europe 5.00 mil Cologne
33%
Africa 5.45 mil Abidjan
32%
South America 4.10 mil Porto Alegre
31%
No matching quizzes found
Score Distribution
Percent of People with Each Score
Percentile by Number Answered
Your Score History
You have not taken this quiz since the last reset